[Event "Southend Easter op 67th"]
[Site "Southend"]
[Date "2025.04.19"]
[Round "4"]
[White "Bianchi, Guillaume"]
[Black "White, Russell P"]
[Result "0-1"]
[WhiteElo "2107"]
[BlackElo "1874"]
[PlyCount "78"]
[EventDate "2025.04.18"]
[EventType "swiss"]
[EventRounds "7"]
[EventCountry "ENG"]
[SourceTitle "CB18_2025"]
[SourceDate "2025.04.30"]
[SourceVersion "1"]
[SourceVersionDate "2025.04.30"]
[SourceQuality "1"]

1. e4 e5 2. Nf3 Nc6 3. d4 exd4 4. Nxd4 Nf6 5. Nxc6 bxc6 6. e5 Qe7 7. Qe2 Nd5 8. h4 d6 9. c4 Nb6 10. exd6 cxd6 11. Qxe7+ Bxe7 12. Nc3 0-0 13. Bd2 Be6 14. b3 d5 15. cxd5 cxd5 16. Bd3 Nd7 17. h5 Nc5 18. Be2 Rab8 19. Nb5 Bd7 20. Nd4 Ne4 21. Be3 Bb4+ 22. Kf1 Rfe8 23. Nc2 Bd2 24. Bxa7 Rbc8 25. Bd3 Rc3 26. Bxe4 Rxe4 27. Ne3 Bb5+ 28. Kg1 d4 29. Nc4 Bxc4 30. bxc4 Rxc4 31. Rh3 Rc3 32. Rb1 h6 33. Rf3 f6 34. Rb8+ Kf7 35. Rb7+ Ke6 36. Rxg7 Re1+ 37. Kh2 Rxf3 38. gxf3 Bf4+ 39. Kg2 d3 0-1

[Event "Titled Tuesday intern op 04th Mar Early"]
[Site "Chess.com INT"]
[Date "2025.03.04"]
[Round "11"]
[White "Bianchi, Guillaume"]
[Black "Winkels, Marcel"]
[Result "1-0"]
[WhiteElo "2095"]
[BlackElo "1885"]
[PlyCount "105"]
[EventDate "2025.03.04"]
[EventType "swiss (blitz)"]
[EventRounds "11"]
[EventCountry "USA"]
[SourceTitle "CB11_2025"]
[SourceDate "2025.03.12"]
[SourceVersion "1"]
[SourceVersionDate "2025.03.12"]
[SourceQuality "1"]

1. e4 c5 2. c3 Nf6 3. e5 Nd5 4. Nf3 d6 5. exd6 Qxd6 6. d4 Bg4 7. Be2 e6 8. 0-0 Be7 9. c4 Nf6 10. h3 Bh5 11. dxc5 Qxd1 12. Rxd1 Bxc5 13. Nc3 0-0 14. a3 a6 15. b4 Be7 16. Bb2 Nc6 17. Na4 Rad8 18. Nb6 Rxd1+ 19. Rxd1 Rd8 20. Rxd8+ Bxd8 21. Na4 Bc7 22. Kf1 Ne4 23. Ke1 Bb8 24. Nc3 Nd6 25. c5 Nf5 26. g4 Bg6 27. gxf5 Bxf5 28. h4 Bf4 29. Kd1 g6 30. Na4 h5 31. Nb6 Bc7 32. Nc4 Bd8 33. Ne3 Be4 34. Nd2 Bf5 35. Nxf5 exf5 36. Nf3 Ne7 37. Bc4 Kf8 38. Ke2 Nc6 39. Kd3 Bc7 40. Ng5 Bd8 41. f4 f6 42. Ne6+ Ke7 43. Nxd8 Nxd8 44. Bd5 g5 45. fxg5 fxg5 46. hxg5 h4 47. Ke3 h3 48. Bf6+ Kd7 49. Bxd8 Kxd8 50. Kf4 h2 51. Kxf5 Ke7 52. g6 Kf8 53. Kf6 1-0

[Event "Titled Tuesday intern op 04th Mar Early"]
[Site "Chess.com INT"]
[Date "2025.03.04"]
[Round "9"]
[White "Golsta, Madara"]
[Black "Bianchi, Guillaume"]
[Result "0-1"]
[WhiteElo "1979"]
[BlackElo "2095"]
[PlyCount "66"]
[EventDate "2025.03.04"]
[EventType "swiss (blitz)"]
[EventRounds "11"]
[EventCountry "USA"]
[SourceTitle "CB11_2025"]
[SourceDate "2025.03.12"]
[SourceVersion "1"]
[SourceVersionDate "2025.03.12"]
[SourceQuality "1"]

1. e4 c5 2. Nf3 d6 3. d4 cxd4 4. Nxd4 Nf6 5. Nc3 a6 6. Be2 e5 7. Nf3 Be7 8. 0-0 0-0 9. Bg5 Be6 10. Bxf6 Bxf6 11. Nd5 Nd7 12. c4 Rc8 13. b4 Nb6 14. Qb3 Bxd5 15. cxd5 Qd7 16. a4 Rc7 17. a5 Nc8 18. b5 axb5 19. Bxb5 Qg4 20. Qb4 Na7 21. Be2 Qc8 22. Qxd6 Rd8 23. Qb4 Be7 24. Qb3 Bd6 25. h3 Rc2 26. Bd1 Rc3 27. Qb2 Qc7 28. a6 b5 29. Ne1 g6 30. Nc2 Rc8 31. Ne3 h5 32. Be2 b4 33. Rfb1 Qc5 0-1

[Event "Titled Tuesday intern op 11th Feb Early"]
[Site "Chess.com INT"]
[Date "2025.02.11"]
[Round "2"]
[White "Bianchi, Guillaume"]
[Black "Nersisyan, Garnik"]
[Result "1/2-1/2"]
[WhiteElo "2105"]
[BlackElo "2035"]
[PlyCount "126"]
[EventDate "2025.02.11"]
[EventType "swiss (blitz)"]
[EventRounds "11"]
[EventCountry "USA"]
[SourceTitle "CB09_2025"]
[SourceDate "2025.02.27"]
[SourceVersion "1"]
[SourceVersionDate "2025.02.27"]
[SourceQuality "1"]

1. e4 e6 2. d4 d5 3. Nc3 dxe4 4. Nxe4 Nd7 5. Nf3 Be7 6. Bd3 b6 7. 0-0 Bb7 8. Qe2 Ngf6 9. Nxf6+ Nxf6 10. c3 0-0 11. Re1 Qd5 12. Bc4 Qh5 13. Ne5 Qxe2 14. Rxe2 c5 15. dxc5 Bxc5 16. h3 a5 17. a4 Rfd8 18. Bg5 h6 19. Bh4 g5 20. Bg3 Nh5 21. Bh2 Nf4 22. Bxf4 gxf4 23. Bb5 Kg7 24. Nd7 Rac8 25. Nxc5 Rxc5 26. f3 e5 27. Rae1 f6 28. Kf2 Bc6 29. Bxc6 Rxc6 30. Re4 Rd2+ 31. R1e2 Rcd6 32. Rc4 Rd1 33. g3 fxg3+ 34. Kxg3 Rg1+ 35. Kh4 Kg6 36. f4 Kf5 37. fxe5 fxe5 38. Rf2+ Ke6 39. b4 axb4 40. cxb4 Rd3 41. Rc6+ Kd5 42. Rxb6 Rgg3 43. Kh5 Rxh3+ 44. Kg6 Rdg3+ 45. Kh7 Ra3 46. a5 Rhb3 47. Rd2+ Ke4 48. Rxh6 Ke3 49. Rc2 Rxb4 50. Rh3+ Kd4 51. Rxa3 e4 52. a6 Rb8 53. a7 Ra8 54. Rb2 e3 55. Raa2 Kd3 56. Kg6 Kc3 57. Kf5 Rxa7 58. Rc2+ Kd3 59. Rxa7 Kxc2 60. Re7 Kd2 61. Kf4 e2 62. Kf3 e1Q 63. Rxe1 Kxe1 1/2-1/2

[Event "Titled Tuesday intern op 11th Feb Early"]
[Site "Chess.com INT"]
[Date "2025.02.11"]
[Round "6"]
[White "Melikhov, Evgeny V"]
[Black "Bianchi, Guillaume"]
[Result "1-0"]
[WhiteElo "2138"]
[BlackElo "2105"]
[PlyCount "119"]
[EventDate "2025.02.11"]
[EventType "swiss (blitz)"]
[EventRounds "11"]
[EventCountry "USA"]
[SourceTitle "CB09_2025"]
[SourceDate "2025.02.27"]
[SourceVersion "1"]
[SourceVersionDate "2025.02.27"]
[SourceQuality "1"]

1. d4 Nf6 2. c4 e6 3. Nc3 Bb4 4. f3 c5 5. d5 b5 6. e4 d6 7. a3 Ba5 8. Bd2 bxc4 9. Bxc4 0-0 10. Nge2 Bxc3 11. Nxc3 e5 12. 0-0 Nbd7 13. Be3 Rb8 14. Rb1 a5 15. Bb5 Nb6 16. a4 h6 17. b3 Nh7 18. Bc6 f5 19. exf5 Bxf5 20. Rc1 Nf6 21. Nb5 Kh8 22. Qd2 Kh7 23. Qxa5 Nbxd5 24. Qxd8 Rfxd8 25. Bxd5 Nxd5 26. Bf2 Nf4 27. Rfd1 Nd3 28. Rc3 Nxf2 29. Kxf2 Be6 30. Rxd6 Rxd6 31. Nxd6 Bxb3 32. Rxc5 Bxa4 33. Rxe5 Rd8 34. Nf5 Rf8 35. g4 Rf7 36. Re7 Rxe7 37. Nxe7 g6 38. f4 Bd7 39. Kg3 Kg7 40. Nd5 Kf7 41. h4 Bc8 42. Nb6 Bb7 43. Nc4 Kf6 44. g5+ hxg5 45. hxg5+ Kg7 46. Kf2 Bc6 47. Ke3 Bb5 48. Nd6 Ba6 49. Kd4 Bf1 50. Ke5 Bh3 51. Ne4 Bf5 52. Nc5 Bh3 53. Kd6 Bg4 54. Ke7 Bh3 55. Ne6+ Kg8 56. Kf6 Kh7 57. Nf8+ Kg8 58. Nxg6 Bc8 59. Ne7+ Kh8 60. Nxc8 1-0

[Event "FRA-ch Seniors"]
[Site "Albi"]
[Date "2022.08.19"]
[Round "7"]
[White "Bianchi, Guillaume"]
[Black "Prie, Eric"]
[Result "0-1"]
[WhiteElo "2109"]
[BlackElo "2377"]
[PlyCount "52"]
[EventDate "2022.08.13"]
[EventType "swiss"]
[EventRounds "9"]
[EventCountry "FRA"]
[SourceTitle "CBM 210 Extra"]
[Source "ChessBase"]
[SourceDate "2022.11.30"]
[SourceVersion "1"]
[SourceVersionDate "2022.11.30"]
[SourceQuality "1"]

1. d4 d5 2. c4 dxc4 3. Nf3 a6 4. e3 b5 5. a4 Bb7 6. b3 e6 7. axb5 axb5 8. Rxa8 Bxa8 9. bxc4 bxc4 10. Qa4+ Nd7 11. Bxc4 Ngf6 12. Nc3 Be7 13. 0-0 0-0 14. Qc2 c5 15. Rd1 Bxf3 16. gxf3 cxd4 17. Rxd4 Qc7 18. Be2 Ne5 19. f4 Ng6 20. Bb2 Nh4 21. f3 Nf5 22. Rd3 Nd5 23. Rxd5 Nxe3 24. Qd2 Nxd5 25. Nxd5 exd5 26. Qxd5 Qxf4 0-1

[Event "Angers op 15th"]
[Site "Angers"]
[Date "2022.05.28"]
[Round "4"]
[White "Denizet, Briac"]
[Black "Bianchi, Guillaume"]
[Result "1-0"]
[WhiteElo "1974"]
[BlackElo "2141"]
[PlyCount "81"]
[EventDate "2022.05.27"]
[EventType "swiss"]
[EventRounds "6"]
[EventCountry "FRA"]
[SourceTitle "CBM 208 Extra"]
[Source "ChessBase"]
[SourceDate "2022.07.31"]
[SourceVersion "1"]
[SourceVersionDate "2022.07.31"]
[SourceQuality "1"]

1. d4 d5 2. Bf4 Nf6 3. Nc3 c5 4. e3 cxd4 5. exd4 Bg4 6. Be2 Bxe2 7. Qxe2 Nc6 8. Nb5 Rc8 9. Nd6+ Kd7 10. Nxc8 Kxc8 11. Nf3 e6 12. c3 Ne4 13. Ne5 Nxe5 14. Bxe5 Qg5 15. f3 Nd6 16. Qd2 Qg6 17. Bxd6 Bxd6 18. g3 h5 19. 0-0-0 Kb8 20. Qd3 Qf6 21. Kb1 Rc8 22. Rc1 Rc4 23. f4 g6 24. b3 Rc6 25. c4 Ba3 26. Rc2 dxc4 27. Rxc4 Rb6 28. Qe4 Rb5 29. Rd1 Rd5 30. Re1 a6 31. Qd3 Qe7 32. Re5 Ka7 33. Re2 Bb4 34. Qe4 Ba3 35. Qxd5 exd5 36. Rxe7 Bxe7 37. Rc7 Bf6 38. Rxf7 Bxd4 39. Rd7 Bg1 40. Rxd5 Bxh2 41. Rg5 1-0

[Event "Angers op 15th"]
[Site "Angers"]
[Date "2022.05.27"]
[Round "1"]
[White "Bianchi, Guillaume"]
[Black "Barbu Ion, Cosmin"]
[Result "1-0"]
[WhiteElo "2141"]
[BlackElo "1832"]
[PlyCount "139"]
[EventDate "2022.05.27"]
[EventType "swiss"]
[EventRounds "6"]
[EventCountry "FRA"]
[SourceTitle "CBM 208 Extra"]
[Source "ChessBase"]
[SourceDate "2022.07.31"]
[SourceVersion "1"]
[SourceVersionDate "2022.07.31"]
[SourceQuality "1"]

1. d4 d5 2. c4 c6 3. Nc3 Nf6 4. cxd5 cxd5 5. Bf4 Nc6 6. e3 Bf5 7. Qb3 Na5 8. Qa4+ Bd7 9. Qc2 Nc6 10. Nf3 e6 11. a3 Be7 12. h3 0-0 13. Bd3 Qa5 14. 0-0 Rfc8 15. Qe2 Be8 16. Rfc1 Qd8 17. b4 h6 18. Nd2 Bd6 19. Bxd6 Qxd6 20. f4 a5 21. b5 Ne7 22. Nf3 Rc7 23. Qb2 b6 24. Ne5 Rac8 25. Rc2 Nd7 26. Rac1 f6 27. Nxd7 Bxd7 28. Qb3 Kf8 29. Rf1 Kg8 30. Rff2 Kh8 31. g4 e5 32. Kg2 Be6 33. f5 Bd7 34. Bf1 Be8 35. Bd3 Bf7 36. Na4 exd4 37. exd4 Kg8 38. Rxc7 Rxc7 39. Rc2 Rxc2+ 40. Bxc2 Be8 41. Qg3 Qd8 42. Nc3 Qc8 43. Bb3 Bf7 44. Kf2 Kh7 45. Ke2 Qd8 46. Kd2 Kg8 47. Qf4 Qd7 48. Qb8+ Nc8 49. a4 Kh7 50. Kd3 h5 51. Qf4 Nd6 52. Bxd5 Nxb5 53. Bxf7 Qxf7 54. axb5 a4 55. Nxa4 Qb3+ 56. Nc3 hxg4 57. Qxg4 Qb2 58. Qg6+ Kh8 59. Qh5+ Kg8 60. Qe8+ Kh7 61. Qe2 Qc1 62. d5 Qf4 63. Qg4 Qf1+ 64. Kd4 Qf2+ 65. Kc4 Qe3 66. h4 Kh8 67. Qd4 Qf3 68. d6 Qf1+ 69. Kb3 Qxf5 70. d7 1-0

[Event "Avoine op 35th"]
[Site "Avoine"]
[Date "2021.07.27"]
[Round "3.5"]
[White "Bianchi, Guillaume"]
[Black "Pucher, Sebastien"]
[Result "1/2-1/2"]
[WhiteElo "2200"]
[BlackElo "2269"]
[PlyCount "57"]
[EventDate "2021.07.18"]
[EventType "swiss"]
[EventRounds "9"]
[EventCountry "FRA"]
[SourceTitle "EXT 2023"]
[Source "ChessBase"]
[SourceDate "2022.10.05"]
[SourceVersion "1"]
[SourceVersionDate "2022.10.05"]
[SourceQuality "1"]

1. d4 d5 2. c4 e6 3. Nc3 Nf6 4. cxd5 exd5 5. Bg5 Nbd7 6. e3 c6 7. Bd3 Be7 8. Qc2 Nh5 9. Bxe7 Qxe7 10. Nge2 Nb6 11. 0-0 g6 12. Rae1 0-0 13. Nc1 Ng7 14. f3 Ne6 15. Qf2 Bd7 16. Nb3 c5 17. dxc5 Nxc5 18. Nxc5 Qxc5 19. Ne2 Nc4 20. Nd4 Qb4 21. Re2 Rae8 22. a3 Qb6 23. Bxc4 dxc4 24. e4 Rc8 25. Rc1 Qa5 26. Rc3 b5 27. f4 Qb6 28. Rd2 Rfd8 29. Rc1 1/2-1/2

[Event "Avoine op 35th"]
[Site "Avoine"]
[Date "2021.07.??"]
[Round "4.6"]
[White "Lucas, Arthur"]
[Black "Bianchi, Guillaume"]
[Result "1-0"]
[WhiteElo "2299"]
[BlackElo "2200"]
[PlyCount "85"]
[EventDate "2021.07.18"]
[EventType "swiss"]
[EventRounds "9"]
[EventCountry "FRA"]
[SourceTitle "EXT 2023"]
[Source "ChessBase"]
[SourceDate "2022.10.05"]
[SourceVersion "1"]
[SourceVersionDate "2022.10.05"]
[SourceQuality "1"]

1. e4 e5 2. Nf3 Nc6 3. d4 exd4 4. Nxd4 Nf6 5. Nxc6 bxc6 6. e5 Qe7 7. Qe2 Nd5 8. h4 d6 9. c4 Nb6 10. exd6 Qxe2+ 11. Bxe2 cxd6 12. Bf3 d5 13. cxd5 Nxd5 14. 0-0 Be6 15. Nc3 0-0-0 16. Ne4 h6 17. Bd2 Kb7 18. Ba5 Rd7 19. Rfc1 Be7 20. b4 a6 21. a4 Rc8 22. Nc5+ Bxc5 23. Rxc5 Rd6 24. Rac1 Kb8 25. g3 Kb7 26. Bg2 Kb8 27. Kh2 Kb7 28. R5c2 Bd7 29. Rd2 Be6 30. Rcd1 Bg4 31. Rc1 Be6 32. Rd4 h5 33. Rcd1 Bg4 34. R1d2 Be6 35. b5 axb5 36. axb5 Ra8 37. Bb4 Rdd8 38. Be7 Rd7 39. bxc6+ Kxc6 40. Rc4+ Kb5 41. Rc5+ Kb6 42. Rb2+ Ka6 43. Bf1+ 1-0

[Event "EU-ch Amateur Online Final 2000/2300"]
[Site "Tornelo INT"]
[Date "2021.04.28"]
[Round "6"]
[White "Bianchi, Guillaume"]
[Black "Ziomas, Konstantinos Dimitr"]
[Result "1-0"]
[WhiteElo "2200"]
[BlackElo "1518"]
[PlyCount "183"]
[EventDate "2021.04.28"]
[EventType "swiss (rapid)"]
[EventRounds "9"]
[EventCountry "NET"]
[SourceTitle "EXT 2023"]
[Source "ChessBase"]
[SourceDate "2022.10.05"]
[SourceVersion "1"]
[SourceVersionDate "2022.10.05"]
[SourceQuality "1"]

1. d4 Nf6 2. Bg5 c6 3. Bxf6 gxf6 4. e3 d5 5. c3 e5 6. Nd2 Bd6 7. Qh5 Qe7 8. Ngf3 Be6 9. Nh4 Nd7 10. Nf5 Bxf5 11. Qxf5 0-0-0 12. 0-0-0 Qe6 13. Qc2 Rdg8 14. Nb3 h5 15. h4 e4 16. g3 f5 17. c4 Kb8 18. c5 Bc7 19. Kb1 Nf6 20. Bh3 Ng4 21. Qe2 Qg6 22. Ka1 Re8 23. Rb1 Re6 24. Nd2 Rhe8 25. b4 a6 26. a4 Kc8 27. Ka2 Kd7 28. Kb3 Ke7 29. Ra1 Kf8 30. Nb1 Kg7 31. Nc3 Ra8 32. Rhb1 Ree8 33. Kc2 f6 34. Kc1 Reb8 35. b5 axb5 36. axb5 Qe8 37. b6 Rxa1 38. Rxa1 Bd8 39. Ra7 Be7 40. Kd1 Qd7 41. Ke1 Kh7 42. Qa2 Bf8 43. Ne2 Bh6 44. Ra8 Qc8 45. Ra7 Kg7 46. Nc3 Kh7 47. Bf1 Qd8 48. Ba6 f4 49. gxf4 f5 50. Bxb7 Bg7 51. Bxc6 Qxh4 52. Bxd5 Qh1+ 53. Kd2 Qf1 54. Qc4 Qxf2+ 55. Qe2 Qh4 56. b7 Bh6 57. Nxe4 Nxe3 58. Kxe3 Qxf4+ 59. Kd3 fxe4+ 60. Bxe4+ Kg7 61. Ra8 Qg3+ 62. Qf3 Qxf3+ 63. Bxf3 Bf4 64. Rxb8 Bxb8 65. Bxh5 Kf6 66. Bf3 Ke6 67. Ke4 Kd7 68. d5 Kc7 69. c6 Kd6 70. Kf5 Ke7 71. Ke4 Kd6 72. Kd4 Ba7+ 73. Kc4 Bb8 74. Kb5 Ba7 75. Ka6 Bb8 76. Bg2 Kc7 77. Bf3 Kd6 78. Kb6 Bc7+ 79. Ka7 Kc5 80. b8Q Ba5 81. Qf8+ Kc4 82. d6 Bb4 83. Qf4+ Kb3 84. Qxb4+ Kxb4 85. c7 Kb3 86. c8Q Kb2 87. Qc5 Kb1 88. Be4+ Kb2 89. Qf2+ Kc1 90. Qe3+ Kd1 91. Qf2 Kc1 92. Qc2# 1-0

[Event "C'Chartres Blitz op April"]
[Site "Europe Echecs INT"]
[Date "2021.04.10"]
[Round "6"]
[White "Bianchi, Guillaume"]
[Black "Bertrand, Julien"]
[Result "1-0"]
[WhiteElo "2200"]
[BlackElo "1891"]
[PlyCount "101"]
[EventDate "2021.04.10"]
[EventType "swiss (blitz)"]
[EventRounds "11"]
[EventCountry "FRA"]
[SourceTitle "CBM 201 Extra"]
[Source "ChessBase"]
[SourceDate "2021.05.31"]
[SourceVersion "1"]
[SourceVersionDate "2021.05.31"]
[SourceQuality "1"]

1. d4 Nf6 2. Bg5 d6 3. e4 c6 4. Nc3 Qc7 5. Nf3 b5 6. a3 Bg4 7. Be2 Nbd7 8. 0-0 e5 9. d5 a6 10. dxc6 Qxc6 11. Re1 Be7 12. a4 b4 13. Nd5 Nxd5 14. exd5 Qc5 15. Bxe7 Kxe7 16. Nh4 Bxe2 17. Rxe2 g6 18. Qd2 h6 19. Kh1 Nf6 20. f4 e4 21. Rae1 Rae8 22. Rd1 Kd7 23. c3 b3 24. g3 Ng4 25. Ng2 f5 26. h3 Nf6 27. Kh2 h5 28. Ne3 Rc8 29. Kg2 Rhe8 30. Ree1 a5 31. Re2 Qb6 32. Ree1 Rc5 33. Re2 Qb7 34. Ree1 Rh8 35. Re2 h4 36. g4 fxg4 37. hxg4 h3+ 38. Kg3 h2 39. Rxh2 Rxh2 40. Qxh2 Qb6 41. Qh8 Ke7 42. Qg7+ Kd8 43. Qxf6+ Kc7 44. Qxg6 Kb7 45. Qxe4 Ka6 46. g5 Rc7 47. f5 Rh7 48. g6 Rh6 49. Rd4 Qd8 50. Qg4 Qf6 51. Re4 1-0

[Event "C'Chartres Blitz op April"]
[Site "Europe Echecs INT"]
[Date "2021.04.10"]
[Round "10"]
[White "Bianchi, Guillaume"]
[Black "Jober, Robert"]
[Result "1-0"]
[WhiteElo "2200"]
[BlackElo "1783"]
[PlyCount "63"]
[EventDate "2021.04.10"]
[EventType "swiss (blitz)"]
[EventRounds "11"]
[EventCountry "FRA"]
[SourceTitle "CBM 201 Extra"]
[Source "ChessBase"]
[SourceDate "2021.05.31"]
[SourceVersion "1"]
[SourceVersionDate "2021.05.31"]
[SourceQuality "1"]

1. d4 Nf6 2. Bg5 d5 3. Bxf6 exf6 4. e3 c6 5. Nd2 Bd6 6. Ngf3 f5 7. g3 Nd7 8. c4 Nf6 9. c5 Bc7 10. Bg2 0-0 11. 0-0 b6 12. b4 bxc5 13. bxc5 Ba6 14. Re1 Ne4 15. Nb3 Bc4 16. Qc2 a5 17. a4 Rb8 18. Rab1 Qe7 19. Nfd2 Ba6 20. f3 Nxd2 21. Qxd2 Rb4 22. Nxa5 Bxa5 23. Rxb4 Bxb4 24. Qxb4 Re8 25. Bf1 Bxf1 26. Kxf1 f4 27. exf4 Qd7 28. Re5 f6 29. Rxe8+ Qxe8 30. Qe1 Qd7 31. f5 Qa7 32. Qe8# 1-0

[Event "C'Chartres Blitz op April"]
[Site "Europe Echecs INT"]
[Date "2021.04.10"]
[Round "8"]
[White "Bianchi, Guillaume"]
[Black "Vine, Thibault"]
[Result "0-1"]
[WhiteElo "2200"]
[BlackElo "1850"]
[PlyCount "68"]
[EventDate "2021.04.10"]
[EventType "swiss (blitz)"]
[EventRounds "11"]
[EventCountry "FRA"]
[SourceTitle "CBM 201 Extra"]
[Source "ChessBase"]
[SourceDate "2021.05.31"]
[SourceVersion "1"]
[SourceVersionDate "2021.05.31"]
[SourceQuality "1"]

1. d4 Nf6 2. Bg5 e6 3. e4 Be7 4. e5 Nd5 5. Bd2 0-0 6. c4 Nb6 7. Qg4 f5 8. Qg3 d6 9. Nf3 dxe5 10. dxe5 Nc6 11. Nc3 Nd4 12. 0-0-0 Nxf3 13. Qxf3 Qe8 14. Nb5 Bd8 15. h4 a6 16. Nc3 Bd7 17. h5 Bc6 18. Qg3 Qf7 19. Bf4 Be7 20. Be2 Bb4 21. Kb1 Bxc3 22. Qxc3 Rad8 23. Rdg1 Be4+ 24. Ka1 Na4 25. Qa3 b5 26. f3 Bc6 27. Rc1 Be8 28. c5 Rb8 29. b4 a5 30. Rhd1 axb4 31. Qxb4 c6 32. Rd6 Ra8 33. Kb1 Qa7 34. Be3 Nc3+ 0-1

[Event "C'Chartres Blitz op April"]
[Site "Europe Echecs INT"]
[Date "2021.04.10"]
[Round "3"]
[White "Lou, Yiping"]
[Black "Bianchi, Guillaume"]
[Result "1-0"]
[WhiteElo "2472"]
[BlackElo "2200"]
[PlyCount "95"]
[EventDate "2021.04.10"]
[EventType "swiss (blitz)"]
[EventRounds "11"]
[EventCountry "FRA"]
[SourceTitle "CBM 201 Extra"]
[Source "ChessBase"]
[SourceDate "2021.05.31"]
[SourceVersion "1"]
[SourceVersionDate "2021.05.31"]
[SourceQuality "1"]

1. e4 e5 2. Nf3 Nc6 3. Bb5 a6 4. Ba4 Nf6 5. d3 d6 6. c3 g6 7. 0-0 Bg7 8. d4 0-0 9. Re1 b5 10. Bc2 h6 11. a4 Rb8 12. axb5 axb5 13. d5 Ne7 14. Nbd2 Nh5 15. c4 bxc4 16. Nxc4 Nf4 17. h3 Kh8 18. Ra7 Qd7 19. Ba4 Nxh3+ 20. gxh3 Qxh3 21. Nh2 f5 22. Rxc7 Ng8 23. Qf3 fxe4 24. Qxh3 Bxh3 25. Nxd6 Nf6 26. Nf7+ Kh7 27. Nxe5 Nxd5 28. Ra7 Kh8 29. Nxg6+ Kh7 30. Nxf8+ Rxf8 31. Bc6 Nf4 32. Bxe4+ Kh8 33. Bxf4 Rxf4 34. Ra8+ Rf8 35. Rxf8+ Bxf8 36. Bg2 Bf5 37. Re8 Kg7 38. Rb8 Bd6 39. Rb7+ Kf6 40. b4 Ke5 41. Nf3+ Kf4 42. b5 Bc5 43. b6 Be4 44. Rf7+ Kg4 45. b7 Ba7 46. Ne5+ Kg5 47. Bxe4 h5 48. Nc6 1-0

[Event "Cappelle Online Blitz op"]
[Site "Europe Echecs INT"]
[Date "2021.03.07"]
[Round "1"]
[White "Bianchi, Guillaume"]
[Black "Gourarier, Emmanuel"]
[Result "1/2-1/2"]
[WhiteElo "2200"]
[BlackElo "1463"]
[PlyCount "96"]
[EventDate "2021.03.07"]
[EventType "swiss (blitz)"]
[EventRounds "11"]
[EventCountry "FRA"]
[SourceTitle "CBM 201 Extra"]
[Source "ChessBase"]
[SourceDate "2021.05.31"]
[SourceVersion "1"]
[SourceVersionDate "2021.05.31"]
[SourceQuality "1"]

1. d4 g6 2. e4 Bg7 3. Nc3 Nf6 4. e5 Ng8 5. Nf3 d6 6. Bf4 f6 7. Bc4 Nh6 8. 0-0 c6 9. Qd2 d5 10. Be2 Nf5 11. Rfe1 0-0 12. a4 b6 13. h3 e6 14. exf6 Qxf6 15. Bg5 Qf7 16. Ne5 Qc7 17. Bf1 Nd7 18. Ng4 e5 19. dxe5 Nxe5 20. Nxe5 Bxe5 21. Rad1 Bb7 22. Kh1 h6 23. Bxh6 Nxh6 24. Qxh6 Qg7 25. Qxg7+ Bxg7 26. Re7 Rab8 27. Kg1 Rf7 28. Rde1 Rbf8 29. f3 d4 30. Rxf7 Rxf7 31. Ne4 Rd7 32. Bc4+ Kh7 33. Ng5+ Kh6 34. Nf7+ Kh7 35. h4 b5 36. Ba2 bxa4 37. Ng5+ Kh6 38. Re6 d3 39. cxd3 Rxd3 40. Re7 Rd1+ 41. Kh2 Bc8 42. Bc4 Rd2 43. Kg3 Rxb2 44. Re8 Bf5 45. Nf7+ Kh7 46. Ng5+ Kh6 47. Nf7+ Kh7 48. Ng5+ Kh6 1/2-1/2

[Event "Cappelle Online Rapid op"]
[Site "Europe Echecs INT"]
[Date "2021.03.06"]
[Round "4"]
[White "Schrefheere, Anthime"]
[Black "Bianchi, Guillaume"]
[Result "0-1"]
[WhiteElo "1752"]
[BlackElo "2200"]
[PlyCount "36"]
[EventDate "2021.03.06"]
[EventType "swiss (rapid)"]
[EventRounds "9"]
[EventCountry "FRA"]
[SourceTitle "CBM 201 Extra"]
[Source "ChessBase"]
[SourceDate "2021.05.31"]
[SourceVersion "1"]
[SourceVersionDate "2021.05.31"]
[SourceQuality "1"]

1. e4 e5 2. Nc3 Nf6 3. f4 d5 4. fxe5 Nxe4 5. Qf3 f5 6. d3 Nxc3 7. bxc3 c5 8. Qg3 Nc6 9. Nf3 g6 10. Be2 Bg7 11. d4 0-0 12. 0-0 Qa5 13. Bd2 Qc7 14. Bf4 Qa5 15. Bd2 c4 16. Ng5 Nxd4 17. cxd4 Qxd2 18. Qf2 Qxg5 0-1

[Event "Cappelle Online Blitz op 1st"]
[Site "Europe Echecs INT"]
[Date "2021.01.10"]
[Round "6"]
[White "Bianchi, Guillaume"]
[Black "Schippke, Manon"]
[Result "1-0"]
[WhiteElo "2200"]
[BlackElo "1904"]
[PlyCount "117"]
[EventDate "2021.01.10"]
[EventType "swiss (blitz)"]
[EventRounds "11"]
[EventCountry "FRA"]
[SourceTitle "CBM 200 Extra"]
[Source "ChessBase"]
[SourceDate "2021.03.31"]
[SourceVersion "1"]
[SourceVersionDate "2021.03.31"]
[SourceQuality "1"]

1. d4 Nf6 2. Bg5 d5 3. e3 h6 4. Bxf6 exf6 5. g3 c6 6. Bg2 Bd6 7. Ne2 0-0 8. Nd2 f5 9. 0-0 Be6 10. b3 Nd7 11. c4 Nf6 12. c5 Bc7 13. b4 a5 14. a3 Ne4 15. Nf3 g5 16. Qd3 Qf6 17. Rfb1 Kg7 18. b5 h5 19. h4 gxh4 20. Nxh4 Bd8 21. Nf4 Qh6 22. Nf3 h4 23. gxh4 Bxh4 24. Nxh4 Qxh4 25. Rb2 Rh8 26. Kf1 cxb5 27. Qxb5 Qe7 28. Qxb7 Qxb7 29. Rxb7 Kf6 30. Rab1 Nd2+ 31. Ke2 Nxb1 32. Rxb1 Rhb8 33. Rh1 Rd8 34. Rh6+ Ke7 35. Bf3 Rab8 36. Bh5 Rb2+ 37. Kf3 Rf8 38. Rh7 Kf6 39. Rh6+ Ke7 40. Nxe6 fxe6 41. Rh7+ Kd8 42. Ra7 Rb5 43. a4 Rb1 44. Bf7 Ra1 45. Bxe6 Rxa4 46. Rd7+ Kc8 47. Rf7+ Kb8 48. Rxf8+ Kb7 49. Bxd5+ Kc7 50. Rf7+ Kd8 51. Bc6 Ra2 52. Rd7+ Kc8 53. Rf7 a4 54. Ra7 a3 55. d5 Ra1 56. d6 a2 57. d7+ Kd8 58. Ra8+ Ke7 59. d8Q+ 1-0

[Event "Cappelle Online Blitz op 1st"]
[Site "Europe Echecs INT"]
[Date "2021.01.10"]
[Round "5"]
[White "Rakotomaharo, Fy Antenaina"]
[Black "Bianchi, Guillaume"]
[Result "1-0"]
[WhiteElo "2422"]
[BlackElo "2200"]
[PlyCount "57"]
[EventDate "2021.01.10"]
[EventType "swiss (blitz)"]
[EventRounds "11"]
[EventCountry "FRA"]
[SourceTitle "CBM 200 Extra"]
[Source "ChessBase"]
[SourceDate "2021.03.31"]
[SourceVersion "1"]
[SourceVersionDate "2021.03.31"]
[SourceQuality "1"]

1. e4 e5 2. Nf3 Nc6 3. Bb5 a6 4. Ba4 d6 5. c3 Bd7 6. 0-0 g6 7. Re1 Bg7 8. d4 Nf6 9. Bxc6 Bxc6 10. dxe5 Nxe4 11. exd6 0-0 12. dxc7 Qxc7 13. Be3 Rad8 14. Qb3 Rfe8 15. Bb6 Qf4 16. Bxd8 Rxd8 17. Qb6 Rd7 18. Qe3 Qg4 19. h3 Qh5 20. Nbd2 Bh6 21. Nxe4 Bxe3 22. Nf6+ Kf8 23. Nxh5 Bxf3 24. gxf3 Bg5 25. Ng3 f5 26. Rad1 Rc7 27. Ne2 Rc6 28. Nd4 Rb6 29. Ne6+ 1-0